| Tag |
First Indicator |
Second Indicator |
Subfields |
| LEADER |
00000cam a2200000Ia 4500 |
| 001 |
in00002425370 |
| 005 |
20151109141827.0 |
| 008 |
050611s2004 maua 001 0aeng d |
| 020 |
|
|
|a 9781886778559
|
| 020 |
|
|
|a 1886778558
|
| 035 |
|
|
|a (OCoLC)ocn149233769
|
| 035 |
|
|
|a (OCoLC)149233769
|
| 040 |
|
|
|a BTCTA
|c BTCTA
|d XII
|d TXA
|d UtOrBLW
|
| 049 |
|
|
|a TXAM
|
| 050 |
|
4 |
|a PR6073.E78
|b W58 2004
|
| 100 |
1 |
|
|a Weston, Peter.
|
| 245 |
1 |
0 |
|a With stars in my eyes :
|b my adventures in British fandom /
|c by Peter Weston.
|
| 246 |
3 |
|
|a My adventures in British fandom
|
| 264 |
|
1 |
|a Framingham, MA :
|b NESFA Press,
|c [2004]
|
| 264 |
|
4 |
|c ©2004
|
| 300 |
|
|
|a 336 pages :
|b illustrations ;
|c 23 cm.
|
| 336 |
|
|
|a text
|b txt
|2 rdacontent
|
| 337 |
|
|
|a unmediated
|b n
|2 rdamedia
|
| 338 |
|
|
|a volume
|b nc
|2 rdacarrier
|
| 500 |
|
|
|a Includes index.
|
| 500 |
|
|
|a "Published on behalf of Noreascon 4 for their guest of honour Peter Weston"--Half title.
|
| 505 |
0 |
|
|a The little pink slip -- On the threshhold -- Recruiting station -- Pubbing my ish -- Easter brummies -- Post-convention depression -- Revelations -- Brumcon blues -- Summer of dicontent -- Back on track -- End of the beginning -- Move over, mate -- New blood -- Bitten by the organising bug -- Vigilantes and voters -- The end of speculation -- Weston discovers America -- Professional stuff -- Tales from the BSFG -- Worldcon.
|
| 600 |
1 |
0 |
|a Weston, Peter.
|
| 650 |
|
0 |
|a Authors, English
|y 20th century
|v Biography.
|
| 650 |
|
0 |
|a Authors, English
|y 21st century
|v Biography.
|
| 650 |
|
0 |
|a Science fiction, English
|x History and critism.
|
| 650 |
|
0 |
|a Science fiction fans
|z Great Britain
|v Biography.
|
| 650 |
|
0 |
|a Science fiction fans
|z Great Britain
|x Societies, etc.
|x History.
|
| 650 |
|
0 |
|a Science fiction fans
|z America
|x Societies, etc.
|x History.
|
| 650 |
|
0 |
|a Science fiction
|v Periodicals
|x History.
|
| 938 |
|
|
|a Baker and Taylor
|b BTCP
|n BK0006133637
|
| 948 |
|
|
|a cataloged
|b h
|c 2008/10/15
|d c
|e tchubaryan
|f 2:10:51 pm
|
| 994 |
|
|
|a C0
|b TXA
|
| 999 |
|
|
|a MARS
|
| 999 |
f |
f |
|s e3ac4130-eb13-361b-9221-4da513c90c6f
|i 963a8b62-f9b0-3075-a937-04d10b69aaca
|t 0
|
| 952 |
f |
f |
|p noncirc
|a Texas A&M University
|b College Station
|c Cushing Memorial Library & Archives
|d Cushing: Science Fiction (Does not check out)
|t 0
|e PR6073.E78 W58 2004
|h Library of Congress classification
|i unmediated -- volume
|m A14853415288
|
| 952 |
f |
f |
|p noncirc
|a Texas A&M University
|b College Station
|c Cushing Memorial Library & Archives
|d Cushing: Science Fiction (Does not check out)
|t 0
|e PR6073.E78 W58 2004
|h Library of Congress classification
|i unmediated -- volume
|
| 998 |
f |
f |
|a PR6073.E78 W58 2004
|t 0
|l Cushing: Science Fiction (Does not check out)
|
| 998 |
f |
f |
|a PR6073.E78 W58 2004
|t 0
|l Cushing: Science Fiction (Does not check out)
|